000 00414cam a2200169ua 4500
003 OSt
008 250130b |||||||| |||| 00| 0 eng d
020 _a0-87692-080-6
041 _aeng
082 _a621.3028
_bDEK/EL
100 _aDekker, Adrianer.J .
_97045
245 _aElectrical engineering materials /
250 _a1 /
260 _a :
_bPrentice Hall Inc ,
_c1967.
300 _a208 ; .
942 _cBK
999 _c1937
_d1937